Normal view
MARC view
- Barr, Robert M
Entry Personal Name
001 - CONTROL NUMBER
- control field: 102527
003 - CONTROL NUMBER IDENTIFIER
- control field: NUST
005 - DATE AND TIME OF LATEST TRANSACTION
- control field: 20221110134524.0
008 - FIXED-LENGTH DATA ELEMENTS
- fixed length control field: 221110|| aca||aabn | a|a d
040 ## - CATALOGING SOURCE
- Original cataloging agency: NUST
- Transcribing agency: NUST
100 ## - HEADING--PERSONAL NAME
- Personal name: Barr, Robert M
670 ## - SOURCE DATA FOUND
- Source citation: Work cat.: (NUST)182064: Barr, Robert M., Basic skills in technical mathematics / , c1977.
